| 000 | 00442nam a2200133Ia 4500 | ||
|---|---|---|---|
| 008 | 170221s9999 xx 000 0 und d | ||
| 100 | _aYan Lu | ||
| 245 | _aToo Good to be True? An Analysis of the Options Market's Reactions to Earnings Releases (pages 830–848) | ||
| 245 | _cYan Lu and Sugata Ray | ||
| 260 | _cAugust 2016 | ||
| 300 | _a5 : 3 | ||
| 650 | _xBusiness | ||
| 856 | _uhttp://onlinelibrary.wiley.com/doi/10.1111/jbfa.12214/pdf | ||
| 999 |
_c309866 _d309866 |
||